[Event "SVK-chT2B 10/11"]
[Site "Slovakia"]
[Date "2011.03.26"]
[Round "10.6"]
[White "Magerciak, Roman"]
[Black "Pinter, Patrik"]
[Result "0-1"]
[WhiteElo "1991"]
[BlackElo "2189"]
[PlyCount "72"]
[EventDate "2010.10.23"]
[EventType "team-tourn"]
[EventRounds "11"]
[EventCountry "SVK"]
[SourceTitle "EXT 2019"]
[Source "ChessBase"]
[SourceDate "2018.10.10"]
[SourceVersion "1"]
[SourceVersionDate "2018.10.10"]
[SourceQuality "1"]
[WhiteTeam "Povazska Bystrica SK Sparta II"]
[BlackTeam "Topolcianky SK"]
[WhiteTeamCountry "SVK"]
[BlackTeamCountry "SVK"]

1. d4 Nf6 2. Nf3 g6 3. c4 Bg7 4. g3 0-0 5. Bg2 d6 6. 0-0 c5 7. d5 Na6 8. Nc3 Nc7 9. e4 Rb8 10. a4 a6 11. Qd3 Bd7 12. a5 b5 13. axb6 Rxb6 14. Nd2 Qc8 15. f4 Ng4 16. Nf3 f5 17. h3 fxe4 18. Nxe4 Nf6 19. g4 Nxe4 20. Qxe4 e6 21. Ng5 exd5 22. cxd5 Re8 23. Qc2 Nb5 24. Be4 Nd4 25. Qg2 Nb3 26. Rb1 Nxc1 27. Rfxc1 Qd8 28. Ne6 Qh4 29. b3 Reb8 30. Bc2 Rb4 31. Rf1 Bb5 32. Rfe1 Bf6 33. f5 gxf5 34. Bxf5 c4 35. bxc4 Bxc4 36. Rxb4 Qxe1+ 0-1